| 000 | 00703nam a2200241Ia 4500 | ||
|---|---|---|---|
| 003 | OSt | ||
| 005 | 20240912165858.0 | ||
| 008 | 220927b |||||||| |||| 00| 0 eng d | ||
| 020 |
_cUSD 161.95 _a9781605354705 |
||
| 024 | _a68765 | ||
| 037 |
_b034, 29/09/2017, N.R.Book Distributors _cTextual |
||
| 040 |
_aSDCL _cSDCL _beng |
||
| 041 |
_2eng _aeng |
||
| 082 | _aG:7 Q6 | ||
| 100 | _aGilbert, S. F. | ||
| 245 | 0 | _aDevelopmental biology : | |
| 250 | _a11th | ||
| 260 |
_c2016 _aUSA : _bSinauer Associates, Inc, |
||
| 300 |
_axxiii,810p. _ccm. |
||
| 650 | _aBiochemistry | ||
| 942 |
_hG:7 Q6 _cTEXL _2CC |
||
| 999 |
_c789515 _d789515 |
||